00662 2200217 4500001002100000005001500021035002000036007000300056008004100059020001800100082000800118084001400126100003700140245008000177250000600257260004900263300003100312700002400343520006000367990001700427INLIS00000000000084320260604090730 a0010-0823000007ta260604 e 0 ind  a979-504-179-7 a613 a613 MIT s0 aMitchell , Clemency( Pengarang )1 aSehat Prima di abad keduapuluh satu /cClemency Mitchell ;Editor , E.Gultom a- aJakarta :bIndonesia Publishing House,c2008 a271 :bilus. ;c24.5 cme-0 aE.Gultom ( Editor ) aDisadur dari Vibrant Health in the Twenty First Century a00036/R/2008